000 00528nam a2200181Ia 4500
999 _c29811
_d29811
003 OSt
005 20210104104418.0
008 190216s9999||||xx |||||||||||||| ||und||
020 _a9788126423385
040 _coclc
082 _a954
_bTHA/S
100 _aThapar, Romila
_9444
245 0 _aSomanatha :
_bOru Charithra Sambhavathinte Aneka Swarangal /
_cRomila Thapar
260 _bD C Books,
_c2009.
_aKottayam:
300 _a252p
650 _aVimarshanam
942 _cBK
_2ddc
_h954
_iTHA/S
_k954
_mTHA/S